| 000 | 00394nam a2200157Ia 4500 | ||
|---|---|---|---|
| 003 | LK-CoDNM | ||
| 008 | 010623t1843 xxu||||| |||| 00| 1 eng d | ||
| 040 |
_aLK-CoDNM _dLK-CoDNM _eLK-CoDNM |
||
| 041 | _aeng | ||
| 080 | _a(x)908 BEN | ||
| 100 | _aBennett,J.W. | ||
| 245 | _aCeylon and its Capabilities | ||
| 260 |
_bTrumpet Publishers _aRajagiriya _c1843 |
||
| 300 | _b425p, 30 cm | ||
| 942 | _cBK | ||
| 999 |
_c81210 _d81210 |
||